Countries that start with i, j, k - Statistics

General Stats
  • This quiz has been taken 34 times
  • The average score is 16 of 18
Answer Stats
Hint Answer % Correct
J2 Jordan
100%
I8 Ireland
97%
I3 Iceland
93%
I6 India
93%
J1 Jamaica
93%
K3 Kyrgyzstan
93%
I7 Iran
90%
I9 Iraq
90%
J3 Japan
90%
K1 Kazakhstan
90%
I5 Indonesia
87%
I1 Israel
83%
K5 Kenya
83%
K6 Kiribati
83%
I4 Italy
80%
K2 Kosovo
77%
K4 Kuwait
70%
I2 Ivory Coast
67%
No matching quizzes found
Score Distribution
Percent of People with Each Score
Percentile by Number Answered
Your Score History
You have not taken this quiz